00505 2200205 4500001002100000008004100021035002000062245006300082100001900145250000600164260003400170300001100204084001400215082000800229650001400237990001200251990001200263990001200275990001200287INLIS000000000000587 ind  a0010-0424000563 aSeri Pahlawan Nasional; Raden Ajeng KartinicWahjudi Djaja aDjaja, Wahjudi a1 aKlaten :bCempaka Putihc2009 a48 hlm a900 WAH s a900 aNon Fiksi a0722380 a0722381 a0722382 a0722383